| 000 | 00462cam a2200181 a 4500 | ||
|---|---|---|---|
| 001 | 3573097 | ||
| 005 | 20240129062831.0 | ||
| 008 | 980903s1998 ii 000 1 eng | ||
| 020 | _a014027023X | ||
| 040 |
_aDLC _beng _cDLC _dDLC |
||
| 082 |
_222 _a305.8. _bCAR. |
||
| 100 | 1 | _aMuller, Carl, | |
| 245 | 1 | 0 |
_aSpit and polish / _cCarl Muller. |
| 260 |
_aNew Delhi, India ; _aNew York : _bPenguin Books, _c1998. |
||
| 300 | _a435 p. ; | ||
| 500 | _aNovel. | ||
| 942 | _cL | ||
| 999 |
_c214 _d214 |
||